LEADER 01704nam a2200373 i 4500 001 991002294519707536 005 20020508193805.0 008 000220s1983 it ||| | ita 020 $a8815002154 035 $ab10987897-39ule_inst 035 $aPARLA158906$9ExL 040 $aDip.to Filosofia$bita 082 0 $a307.7609 082 0 $a711 100 1 $aAbrams, Philip$037635 245 10$aCittà, storia, società /$ca cura di Philip Abrams e Edward A. Wrigley ; [traduzione di Rossella Bertoni] 246 13$aTowns in Societies 260 $aBologna :$bIl Mulino,$c1983 300 $a298 p. ;$c22 cm 490 0 $aProblemi e prospettive. Serie di storia 500 $aTit. orig.: Towns in Societies 650 4$aCittà$xStoria 700 1 $aWrigley, Edward A. 907 $a.b10987897$b23-02-17$c28-06-02 912 $a991002294519707536 945 $aLE001 AN XXI 280$g1$i2001000074211$lle001$op$pE0.00$q-$rl$s- $t0$u0$v0$w0$x0$y.i1391263x$z02-11-04 945 $aLE009 STOR. 08-110$g1$i2009000078154$lle009$o-$pE0.00$q-$rl$s- $t0$u0$v0$w0$x0$y.i12013304$z09-12-02 945 $aLE009 STOR. 08-110 ter$g3$i2009000054998$lle009$o-$pE0.00$q-$rl$s- $t0$u0$v0$w0$x0$y.i1110224x$z28-06-02 945 $aLE009 STOR. 08-110 bis$g2$i2009000078161$lle009$o-$pE0.00$q-$rl$s- $t0$u0$v0$w0$x0$y.i12013316$z09-12-02 945 $aLE021 NFD12$g1$iLE021N-5995$lle021$o-$pE0.00$q-$rl$s- $t0$u0$v0$w0$x0$y.i12129057$z07-01-03 945 $aLE005IF XXXIX C 22$g1$iLE005IFA-16413$lle005$o-$pE0.00$q-$rl$s- $t0$u0$v0$w0$x0$y.i11101957$z28-06-02 996 $aCittà, storia, società$9200293 997 $aUNISALENTO 998 $ale001$ale005$ale009$ale021$b01-01-00$cm$da $e-$fita$git $h0$i5 LEADER 01304nam0 22002891i 450 001 UON00494460 005 20231205105346.724 100 $a20190508d1995 |0itac50 ba 101 $aita 102 $aIT 105 $a|||| ||||| 200 1 $aˆLa ‰nobiltà dell'Italia meridionale e gli Hohenstaufen$eAppendice di testi latini dei secoli 12. e 13. / Errico Cuozzo ; a cura di Edoardo D'Angelo 210 $aSalerno$cGentile Editore$d1995 215 $a210 p.$d25 cm. 316 $aDono Prof. Alberto Varvaro.$5IT-UONSI F. Varvaro1228 606 $aNobiltà$xItalia$3UONC094990$2FI 620 $aIT$dSalerno$3UONL000238 676 $a929.75$cCASE REALI, ARISTOCRAZIA, NOBILTA, ORDINI CAVALLERESCHI IN ITALIA$v22 700 1$aCUOZZO$bErrico$3UONV097618$010237 702 1$aD'Angelo$bEdoardo$3UONV096160 712 $aGentile$3UONV251491$4650 801 $aIT$bSOL$c20260410$gRICA 899 $aSIBA - SISTEMA BIBLIOTECARIO DI ATENEO E ARCHIVIO STORICO$2UONSI 912 $aUON00494460 950 $aSIBA - SISTEMA BIBLIOTECARIO DI ATENEO E ARCHIVIO STORICO$dSI F. Varvaro1228 $eSI 29237 7 Dono Prof. Alberto Varvaro. 996 $aNobiltà dell'Italia meridionale e gli Hohenstaufen$91551709 997 $aUNIOR